| 000 | 00840nmc a2200301 a 4500 | ||
|---|---|---|---|
| 003 | AR-BaBNM | ||
| 005 | 20251128210027.0 | ||
| 008 | 011101s1994 ||||||||||||||000 | spa|| | ||
| 020 | _a950-582-253-8 | ||
| 040 | _cAR-BaBNM | ||
| 100 | 1 | _aLespada, Juan Carlos | |
| 245 | 1 | 0 |
_aAprender haciendo _blos talleres en la escuela |
| 250 | _a3ª ed. | ||
| 260 |
_aBuenos Aires _bHumanitas _c1994 |
||
| 300 |
_a209 p. _bil. |
||
| 490 | 0 | _aGuidance | |
| 504 | _aBibliografía p. 207-209 | ||
| 650 | 4 | _aCREATIVIDAD | |
| 650 | 4 | _aACTIVIDADES EN GRUPO | |
| 650 | 4 | _aACTIVIDADES INTEGRADAS | |
| 650 | 4 | _aEVALUACION DE UN PROCESO EXPERIMENTAL | |
| 650 | 4 | _aESTRUCTURA DEL GRUPO | |
| 650 | 4 | _aTECNICAS DE ENSENANZA | |
| 653 | _aTALLERES EDUCATIVOS | ||
| 800 | 1 |
_aSierra de Villaverde, Sela _edirector |
|
| 942 | _cBK | ||
| 998 | _cCarmen | ||
| 999 |
_c13772 _d13772 |
||